000 00309nam a2200121 i 4500
001 bg
245 0 _aProblemy epitaksii poluprowodnikowych plenok /
_cp. red. L.W. Aleksandrowa.
260 _aNowosibirsk,
_c1972.
040 _cBPK
041 _apol
942 _cKS
008 s pl f |000 0 pol
999 _c15197
_d15197
856 _uhttp://koha.tu.koszalin.pl/cgi-bin/koha/opac-detail.pl?biblionumber=15197
_yKatalog online BPK